00769cam a2200265 a 450000100090000000300060000900500170001500800410003201000130007302000360008604000180012205000220014008200150016210000180017724500730019525000110026826000530027930000200033250400650035265000130041765000110043065000150044165000260045665000210048236656449OCoLC20180810100527.0970325s1997 ilu b 001 0 eng  a97010670 a0830818995c(pbk. : alk. paper) aDLCcDLCdOHH00aB823.3b.S56 1997 a140bS619U1 aSire, James W14aThe universe next door :ba basic worldview catalog /cJames W. Sire a3rd ed aDowners Grove, Ill :bInterVarsity Press,cc1997 a237 p. ;c21 cm aIncludes bibliographical references (p. [201]-231) and index 0aIdeology 0aTheism 0aNaturalism 0aNihilism (Philosophy) 0aNew Age movement